| 000 | 00513nam a2200193 a 4500 | ||
|---|---|---|---|
| 001 | 34511 | ||
| 005 | 20180714002643.0 | ||
| 008 | 140415s1971 sp 000 0 spa d | ||
| 041 | _aspa | ||
| 082 |
_a800 _bBIB |
||
| 100 | 1 | _aCASTRO, ROSALIA DE | |
| 245 | 1 | 0 | _aANTOLOGIA |
| 250 | _a1a ed. | ||
| 260 |
_aESPAÑA : _bSALVAT EDITORES, _c1971 |
||
| 300 | _a200 | ||
| 490 |
_aBIBLIOTECA GENERAL SALVAT _v6 |
||
| 650 | 1 | 4 |
_aANTOLOGIA _xLITERATURA ESPAOLA |
| 700 | 1 |
_aLOSADA CASTRO, BASILIO _epról. |
|
| 999 |
_c34511 _d34511 |
||